000 00893nam a2200217 i 4500
001 bg
245 0 0 _aJednolity Akt Europejski ; Traktat o Unii Europejskiej :
_bAkt zmieniający Protokół w sprawie Statutu Europejskiego Banku Inwestycyjnego upoważniający Radę Gubernatorów do utworzenia Europejskiego Funduszu Inwestycyjnego /
_cUrząd Komitetu Integracji Europejskiej.
260 _aWarszawa :
_bUKIE,
_c2004.
300 _a207, [1] s. ;
_c24 cm.
500 _aTł. z jęz. ang., niem., franc. Na grzb. nr kol. tomu: 7.
650 9 _aUmowy międzynarodowe
_zEuropa
650 9 _aPrawo wspólnotowe europejskie
_ystan na 2004 r.
710 0 _aUrząd Komitetu Integracji Europejskiej
020 _a8389972379
040 _cBPK
041 1 _apol
_henggerfra
080 _a341.12(4-67)(094.4)
920 _a83-89972-37-9
942 _cKS
008 s pl f |000 0 pol
999 _c46085
_d46085
856 _uhttp://koha.tu.koszalin.pl/cgi-bin/koha/opac-detail.pl?biblionumber=46085
_yKatalog online BPK